000 00584nam a2200193Ia 4500
005 20250508165520.0
008 008 250505s9999 xx 000 0 eng d
037 _aDissertations
040 _aFEDL
_beng
_cFEDL
041 _aeng
_2eng
084 _a507, JAI/DI
_qFEDL
100 _aJainer Rama
_9781067
245 0 _aAnalysis of science magazines in the context of teaching- learning at secondary school level
260 _c2015
300 _a59p.
546 _aM.Ed. Dissertation, (Delhi University)
942 _cDIS
_h507, JAI/DI
999 _c1395599
_d1395599